[Event "Challenge"]
[Site "http://www.queenalice.com/game.php?id=1761918"]
[Date "2021.6.11"]
[Round "-"]
[White "tewald"]
[Black "jpribeiro"]
[Result "0-1"]
[WhiteElo "1944"]
[BlackElo "1888"]

1. e4 e5 2. d4 exd4 3. Nf3 Bb4+ 4. Bd2 Bxd2+ 5. Qxd2 c5 6. Bc4 Nf6 7. Ne5 O-O 8.
Qf4 d6 9. Nf3 Be6 10. Nbd2 Bxc4 11. Nxc4 d5 12. exd5 Qxd5 13. Nce5 Re8 14. O-O
h6 15. c4 dxc3 16. Rfd1 Qe6 17. bxc3 Nd5 18. Qc4 Nf6 19. Qxc5 Nbd7 20. Nxd7 Nxd7
21. Qb4 Nf6 22. Re1 Qc6 23. Rxe8+ Rxe8 24. h3 Re4 25. Qb3 Qd5 26. Rd1 Qxb3 27.
axb3 Re6 28. g4 Rc6 29. c4 Rb6 30. g5 hxg5 31. Nxg5 Kf8 32. Rd3 Ke7 33. Re3+ Kf8
34. Kg2 Rc6 35. Ne4 Nxe4 36. Rxe4 Re6 37. Rxe6 fxe6 38. f4 Ke7 39. Kf3 Kd6 40.
b4 b6 41. Ke4 a5 42. b5 Kc5 43. Ke5 a4 44. Kxe6 a3 0-1

[Event "Challenge"]
[Site "http://www.queenalice.com/game.php?id=1762131"]
[Date "2021.6.14"]
[Round "-"]
[White "jpribeiro"]
[Black "tewald"]
[Result "1-0"]
[WhiteElo "1937"]
[BlackElo "1943"]

1. e4 e6 2. d4 d5 3. Nd2 Nf6 4. e5 Nfd7 5. c3 c5 6. Ngf3 Nc6 7. Bb5 c4 8. Bxc6
bxc6 9. O-O c5 10. Re1 cxd4 11. cxd4 Be7 12. Nf1 O-O 13. a3 f6 14. exf6 Nxf6 15.
Ng3 Bd6 16. Ne5 Qc7 17. Bf4 Ne4 18. Nxe4 Rxf4 19. Nxd6 Qxd6 20. g3 Rf5 21. f4
Bd7 22. Rc1 Be8 23. Rc3 Rb8 24. Qd2 a5 25. g4 Rf8 26. Rh3 a4 27. Qc2 Rf6 28.
Qxh7+ Kf8 29. Qh8+ Ke7 30. Qxg7+ Bf7 31. g5 Rf5 32. g6 Rg8 33. Qh7 Rxf4 34. Nxf7
Rg4+ 35. Kh1 Qb8 36. Ne5+ 1-0

[Event "Challenge"]
[Site "http://www.queenalice.com/game.php?id=1762132"]
[Date "2021.6.14"]
[Round "-"]
[White "tewald"]
[Black "jpribeiro"]
[Result "1-0"]
[WhiteElo "1926"]
[BlackElo "1954"]

1. e4 e5 2. d4 exd4 3. Nf3 Bb4+ 4. Bd2 Bxd2+ 5. Nbxd2 c5 6. Bc4 d6 7. h4 h6 8.
g3 Nc6 9. Nh2 Nf6 10. Qf3 O-O 11. g4 Ne5 12. Qe2 Nxc4 13. Nxc4 d5 14. Nd2 dxe4
15. O-O-O Re8 16. g5 hxg5 17. hxg5 e3 18. gxf6 exd2+ 19. Qxd2 Qxf6 20. Rdg1 b6
21. Rg3 Bb7 22. Rhg1 g6 23. Ng4 Qe6 24. Qh6 f5 25. Rh3 Qe2 26. Qxg6+ Kf8 27.
Qf6+ 1-0

[Event "Challenge"]
[Site "http://www.queenalice.com/game.php?id=1762316"]
[Date "2021.6.17"]
[Round "-"]
[White "jpribeiro"]
[Black "tewald"]
[Result "0-1"]
[WhiteElo "1904"]
[BlackElo "1944"]

1. e4 e6 2. d4 d5 3. Nd2 c5 4. c3 Nc6 5. Ngf3 Bd7 6. Bb5 a6 7. O-O axb5 8. e5
cxd4 9. cxd4 Nge7 10. Nb3 Qb6 11. Be3 Nf5 12. Bf4 g6 13. g4 Nfe7 14. Rc1 Bg7 15.
Kh1 Na5 16. Nxa5 Qxa5 17. a3 h6 18. Bd2 Qb6 19. Bb4 h5 20. g5 Nf5 21. Bc5 Qd8
22. Bb4 Ne7 23. Bd6 Rc8 24. Rxc8 Nxc8 25. Bc5 Nb6 26. b3 Bc6 27. h4 Nd7 28. Bb4
Nb8 29. a4 bxa4 30. bxa4 Na6 31. Ba3 b5 32. axb5 Bxb5 33. Re1 Qa5 34. Bd6 Kd7
35. Qd2 Qxd2 36. Nxd2 f6 37. gxf6 Bxf6 0-1

[Event "Challenge"]
[Site "http://www.queenalice.com/game.php?id=1762317"]
[Date "2021.6.17"]
[Round "-"]
[White "tewald"]
[Black "jpribeiro"]
[Result "1-0"]
[WhiteElo "1928"]
[BlackElo "1926"]

1. e4 e5 2. d4 exd4 3. Nf3 Bb4+ 4. Nbd2 Nc6 5. a3 Bxd2+ 6. Qxd2 Qf6 7. Qd3 Ne5
8. Nxe5 Qxe5 9. f4 Qc5 10. Bd2 a5 11. b4 axb4 12. Bxb4 Qb6 13. Be2 c5 14. Bd2 d6
15. O-O Nf6 16. e5 dxe5 17. fxe5 Ng8 18. Rab1 Qc7 19. Qb5+ Bd7 20. Qxb7 Qxb7 21.
Rxb7 Rxa3 22. Rfb1 Bc8 23. Rb8 Kd7 24. Bg4+ 1-0

[Event "Challenge"]
[Site "http://www.queenalice.com/game.php?id=1762488"]
[Date "2021.6.17"]
[Round "-"]
[White "jpribeiro"]
[Black "tewald"]
[Result "1-0"]
[WhiteElo "1924"]
[BlackElo "1962"]

1. e4 e6 2. d4 d5 3. e5 c5 4. c3 Nc6 5. Bb5 c4 6. Qa4 Bd7 7. Nf3 a6 8. Bxc6 Bxc6
9. Qc2 Ne7 10. O-O Nf5 11. g4 Nh4 12. Nxh4 Qxh4 13. f3 b5 14. Bf4 h5 15. Bg3 Qg5
16. h4 Qg6 17. Qxg6 fxg6 18. g5 b4 19. Kg2 bxc3 20. bxc3 Rb8 21. Nd2 Ba3 22.
Rab1 Rxb1 23. Rxb1 O-O 24. Rb6 Bb5 25. Rxe6 Kh7 26. Nb1 Bb2 27. Be1 Ba1 28. Na3
Bd7 29. Rxa6 Rb8 30. Rd6 Rd8 31. e6 1-0

[Event "Challenge"]
[Site "http://www.queenalice.com/game.php?id=1762500"]
[Date "2021.6.17"]
[Round "-"]
[White "jpribeiro"]
[Black "tewald"]
[Result "1-0"]
[WhiteElo "1934"]
[BlackElo "1944"]

1. e4 e6 2. d4 d5 3. e5 c5 4. c3 Nc6 5. Bb5 c4 6. Nf3 a6 7. Bxc6+ bxc6 8. Bg5
Qb6 9. b4 Ne7 10. O-O h6 11. Bc1 Nf5 12. g4 Ne7 13. Be3 Ng6 14. a4 a5 15. bxa5
Rxa5 16. h4 Be7 17. h5 Nf8 18. Nbd2 Nh7 19. Rb1 Qa6 20. Rb8 O-O 21. Qb1 Rxa4 22.
Rb6 Qa8 23. Rb8 Qa5 24. Rc1 Ng5 25. Nxg5 Bxg5 26. Bxg5 hxg5 27. Nf3 Ra3 28. Qb6
Qxb6 29. Rxb6 Bd7 30. Nxg5 f6 31. Nf3 f5 32. Nh2 fxg4 33. Nxg4 Rf3 34. h6 Raxc3
35. Rxc3 Rxc3 36. hxg7 Rc1+ 37. Kg2 c3 38. Nf6+ Kxg7 39. Nxd7 c2 40. Rxc6 Rd1
41. Rxc2 Rxd4 42. f3 Rd1 43. Kf2 d4 44. Ke2 Rh1 45. Kd3 Rh4 46. Rc4 Kf7 47. Rxd4
Rh3 48. Ke4 Ke8 49. Nc5 1-0

[Event "Challenge"]
[Site "http://www.queenalice.com/game.php?id=1762501"]
[Date "2021.6.17"]
[Round "-"]
[White "tewald"]
[Black "jpribeiro"]
[Result "1-0"]
[WhiteElo "1946"]
[BlackElo "1940"]

1. e4 e5 2. d4 exd4 3. Nf3 Bb4+ 4. c3 dxc3 5. bxc3 Bc5 6. Bc4 Nf6 7. e5 Qe7 8.
O-O Ne4 9. Qd5 f5 10. Nbd2 c6 11. Qd3 d5 12. exd6 Nxd6 13. Re1 Ne4 14. Nxe4 1-0

[Event "Challenge"]
[Site "http://www.queenalice.com/game.php?id=1762621"]
[Date "2021.6.19"]
[Round "-"]
[White "jpribeiro"]
[Black "tewald"]
[Result "1-0"]
[WhiteElo "1903"]
[BlackElo "1983"]

1. e4 e6 2. d4 d5 3. e5 c5 4. Bb5+ Nc6 5. Nf3 a6 6. Bxc6+ bxc6 7. O-O cxd4 8.
Qxd4 Ne7 9. Bg5 h6 10. Be3 Nf5 11. Qb6 Nxe3 12. Qxd8+ Kxd8 13. fxe3 g5 14. Nd4
Bb7 15. Rxf7 Rb8 16. Nd2 Ke8 17. Raf1 c5 18. Nxe6 Bc8 19. Nxf8 Rxb2 20. Ng6 Rg8
21. Rf8+ Rxf8 22. Rxf8+ Kd7 23. e6+ Kxe6 24. Rxc8 Rxc2 25. Nf3 Rc1+ 26. Kf2 c4
27. Nd4+ Kd7 28. Rc5 1-0

[Event "Challenge"]
[Site "http://www.queenalice.com/game.php?id=1762622"]
[Date "2021.6.19"]
[Round "-"]
[White "tewald"]
[Black "jpribeiro"]
[Result "1-0"]
[WhiteElo "1927"]
[BlackElo "1913"]

1. e4 e5 2. d4 exd4 3. Nf3 Bb4+ 4. c3 dxc3 5. bxc3 Be7 6. Bc4 Nf6 7. e5 Ng8 8.
Qd5 Nh6 9. Bxh6 O-O 10. Bd2 c6 11. Qd3 d5 12. Bb3 g6 13. Bh6 Bf5 14. Qe3 Re8 15.
O-O Nd7 16. Rd1 Bc5 17. Qf4 Qc7 18. Re1 Qb6 19. Nd4 Qc7 20. Nxf5 gxf5 21. Qg5+
1-0

[Event "Challenge"]
[Site "http://www.queenalice.com/game.php?id=1763240"]
[Date "2021.6.28"]
[Round "-"]
[White "jpribeiro"]
[Black "tewald"]
[Result "1-0"]
[WhiteElo "1877"]
[BlackElo "1966"]

1. e4 e6 2. d4 d5 3. Nd2 c5 4. Bb5+ Nc6 5. c3 Qb6 6. Bd3 Bd7 7. Ngf3 cxd4 8.
cxd4 Nxd4 9. Nxd4 Qxd4 10. Bc2 Bc5 11. O-O Bb5 12. Nb3 Qxd1 13. Rxd1 Bb6 14.
exd5 exd5 15. Rxd5 Bc6 16. Re5+ Ne7 17. Be3 Bc7 18. Rg5 O-O 19. Nd4 Ng6 20. Nxc6
bxc6 21. Rc5 Bb6 22. Rxc6 Bxe3 23. fxe3 Rfe8 24. Kf2 Ne5 25. Rc3 Rad8 26. Rd1
Ng4+ 27. Kf3 Rxd1 28. Bxd1 h5 29. h3 Nf6 30. Rd3 g6 31. Bc2 Re7 32. e4 Nd7 33.
Ra3 Kg7 34. Kf4 Nb6 35. Bd3 f6 36. g4 g5+ 37. Kf3 h4 38. Kf2 Rc7 39. Ke3 Nd7 40.
Rc3 Rxc3 41. bxc3 a5 42. Kd4 Ne5 43. Be2 Kf7 44. c4 Ke6 45. Kc5 Kd7 46. Kb5 Kc7
47. Kxa5 Kc6 48. Kb4 Kb6 49. c5+ Kc6 50. Bb5+ Kc7 51. a4 Ng6 52. a5 Nf4 53. Bf1
Kc6 54. a6 Ne6 55. Bb5+ Kc7 56. Bc4 Nd8 57. Bd5 Kb8 58. Kb5 1-0

[Event "Challenge"]
[Site "http://www.queenalice.com/game.php?id=1763241"]
[Date "2021.6.28"]
[Round "-"]
[White "tewald"]
[Black "jpribeiro"]
[Result "0-1"]
[WhiteElo "1953"]
[BlackElo "1856"]

1. e4 e5 2. d4 exd4 3. Nf3 Bb4+ 4. c3 dxc3 5. bxc3 Ba5 6. Bd3 h6 7. O-O Ne7 8.
Ne5 c5 9. Qf3 O-O 10. Qg3 Kh7 11. Nc4 Bc7 12. Bf4 Bxf4 13. Qxf4 Kg8 14. Re1 Ng6
15. Qg3 d5 16. exd5 Qxd5 17. Nba3 Bf5 18. Bxf5 Qxf5 19. Nd6 Qd7 20. Rad1 Nc6 21.
c4 a6 22. Ne4 Qe7 23. Nc3 Qf6 24. Nd5 Qb2 25. Qb3 Qxb3 26. axb3 Rfe8 27. Rxe8+
Rxe8 28. g3 a5 29. Nb5 Rd8 30. Nbc7 Kf8 31. Ra1 Nge7 32. Nxe7 Kxe7 33. Re1+ Kd7
34. Nb5 Nd4 35. Nxd4 cxd4 36. f4 Kc6 37. Kf2 Kc5 38. Ke2 Re8+ 39. Kd2 Rxe1 40.
Kxe1 Kb4 41. Kd2 Kxb3 42. Kd3 a4 0-1

[Event "Challenge"]
[Site "http://www.queenalice.com/game.php?id=1763401"]
[Date "2021.7.1"]
[Round "-"]
[White "jpribeiro"]
[Black "tewald"]
[Result "0-1"]
[WhiteElo "1905"]
[BlackElo "1956"]

1. e4 e6 2. d4 d5 3. e5 c5 4. c3 Nc6 5. Bb5 Qb6 6. Bxc6+ bxc6 7. Nf3 Ba6 8. Qb3
cxd4 9. Qxb6 axb6 10. Nxd4 c5 11. Nf3 Ne7 12. Be3 Nf5 13. Bd2 Be7 14. Na3 Bd3
15. O-O-O O-O 16. g4 Nh4 17. Nxh4 Bxh4 18. Be3 Be4 19. Rhg1 Be7 20. Nc2 Rxa2 21.
Na3 Ra1+ 22. Kd2 Rxd1+ 23. Rxd1 Rd8 24. Nc2 f5 25. g5 b5 26. Ke2 g6 27. f3 Bxc2
0-1

[Event "Challenge"]
[Site "http://www.queenalice.com/game.php?id=1763647"]
[Date "2021.7.4"]
[Round "-"]
[White "jpribeiro"]
[Black "tewald"]
[Result "0-1"]
[WhiteElo "1846"]
[BlackElo "1949"]

1. e4 e6 2. d4 d5 3. e5 c5 4. c3 Nc6 5. Bb5 Qb6 6. Bxc6+ bxc6 7. Nf3 cxd4 8.
cxd4 Ba6 9. a3 Ne7 10. Nc3 Ng6 11. Ne2 Be7 12. O-O O-O 13. Re1 c5 14. Rb1 h6 15.
Be3 c4 16. Nc3 Nh4 17. Nxh4 Bxh4 18. g3 Be7 19. Qg4 Kh7 20. f4 f5 21. Qh3 Rg8
22. Kh1 g5 23. Rg1 g4 24. Qf1 Qc6 25. Qd1 h5 26. Qa4 Qb7 27. b4 Qb6 28. Qd7 Rg7
29. Na4 Qb5 30. Qxb5 Bxb5 31. Nc3 Bd7 32. Rg2 h4 33. gxh4 Bxh4 34. Bf2 Bxf2 35.
Rxf2 Rh8 36. b5 Rgg8 37. Ne2 Rb8 38. a4 a6 39. Nc3 axb5 40. axb5 Kg6 41. b6 Kf7
42. Kg2 Rh3 43. Ne2 Ba4 44. Ng1 Rb3 45. Rfb2 R8xb6 46. Rxb3 Rxb3 47. Ra1 Rb4 48.
Ne2 Rb2 0-1

[Event "Challenge"]
[Site "http://www.queenalice.com/game.php?id=1763648"]
[Date "2021.7.4"]
[Round "-"]
[White "tewald"]
[Black "jpribeiro"]
[Result "0-1"]
[WhiteElo "1958"]
[BlackElo "1877"]

1. e4 c5 2. Nf3 d6 3. Bb5+ Bd7 4. Bxd7+ Nxd7 5. d3 e5 6. Nc3 Ngf6 7. Bg5 Be7 8.
Qd2 O-O 9. Nh4 Re8 10. Nf5 Bf8 11. h4 h6 12. Bxf6 Nxf6 13. g4 Nxg4 14. h5 Qg5
15. Qxg5 hxg5 16. Rg1 Nh6 17. Rxg5 Nxf5 18. exf5 Be7 19. Rg4 Kh7 20. Nd5 Bd8 21.
O-O-O Rc8 22. h6 gxh6 23. Rdg1 Bg5+ 24. f4 exf4 25. Nxf4 Rg8 26. Kd1 Bxf4 27.
Rxg8 Rxg8 28. Rf1 Be5 29. c3 Rg2 0-1

[Event "Challenge"]
[Site "http://www.queenalice.com/game.php?id=1763773"]
[Date "2021.7.5"]
[Round "-"]
[White "jpribeiro"]
[Black "tewald"]
[Result "0-1"]
[WhiteElo "1855"]
[BlackElo "1933"]

1. e4 e6 2. d4 d5 3. e5 c5 4. c3 Nc6 5. Bb5 Qb6 6. Bxc6+ bxc6 7. Nf3 Ba6 8. Qc2
cxd4 9. Nxd4 Bc5 10. Be3 Ne7 11. Nd2 Nf5 12. Nxf5 exf5 13. Bxc5 Qxc5 14. Qxf5
Qb5 15. O-O-O Rb8 16. b3 O-O 17. Kb2 c5 18. e6 Rbe8 19. exf7+ Rxf7 20. Qxd5 g6
21. Ne4 Qe2+ 22. Nd2 Re7 23. Kc1 Qxf2 24. Rhf1 Bxf1 25. Rxf1 Qe2 26. Rxf7 Rxf7
27. Qxc5 Qxg2 28. Qc8+ Kg7 29. Qd8 Qg1+ 30. Kc2 Qf2 31. Qd4+ Qxd4 32. cxd4 Rf2
33. b4 Rxh2 34. Kc3 Rf2 35. Kd3 h5 36. Ke3 Rg2 37. a4 h4 38. a5 h3 39. Kf3 Rxd2
0-1

[Event "Challenge"]
[Site "http://www.queenalice.com/game.php?id=1763775"]
[Date "2021.7.5"]
[Round "-"]
[White "tewald"]
[Black "jpribeiro"]
[Result "1-0"]
[WhiteElo "1936"]
[BlackElo "1859"]

1. e4 c5 2. Nf3 d6 3. Bb5+ Bd7 4. Bxd7+ Nxd7 5. O-O g6 6. Re1 Bg7 7. c3 Qc7 8.
d4 cxd4 9. cxd4 Rc8 10. Nc3 e6 11. Bf4 a6 12. Rc1 Qb6 13. Na4 Rxc1 14. Qxc1 Qc6
15. Qxc6 bxc6 16. Bxd6 Bf8 17. Bxf8 Kxf8 18. e5 Nh6 19. Rc1 Nb8 20. h3 Ke7 21.
g4 Rc8 22. Nb6 Rh8 23. g5 Nf5 24. h4 Nd7 25. Rxc6 Nxb6 26. Rxb6 Ra8 27. a4 Kd7
28. Rb7+ Ke8 29. b4 Ne7 30. b5 axb5 31. axb5 Ra1+ 32. Kg2 Ra8 33. Nd2 Nf5 34.
Ne4 Nxd4 35. Nf6+ Kf8 36. Nxh7+ Kg7 37. Nf6 1-0

[Event "Challenge"]
[Site "http://www.queenalice.com/game.php?id=1763993"]
[Date "2021.7.8"]
[Round "-"]
[White "jpribeiro"]
[Black "tewald"]
[Result "0-1"]
[WhiteElo "1897"]
[BlackElo "1946"]

1. e4 e6 2. d4 d5 3. e5 c5 4. c3 Nc6 5. Bb5 Qa5 6. Bxc6+ bxc6 7. Nf3 Ba6 8. Bd2
Qb6 9. Bc1 cxd4 10. Nxd4 Ne7 11. Ne2 Ng6 12. Be3 Qxb2 13. Nd2 Bxe2 14. Kxe2 Qxc3
15. Nf3 Ba3 16. Qd3 Qxd3+ 17. Kxd3 O-O 18. h4 c5 19. h5 c4+ 20. Kc3 Nh8 21. Rab1
f5 22. Bc5 Bxc5 0-1

[Event "Challenge"]
[Site "http://www.queenalice.com/game.php?id=1763994"]
[Date "2021.7.8"]
[Round "-"]
[White "tewald"]
[Black "jpribeiro"]
[Result "1-0"]
[WhiteElo "1953"]
[BlackElo "1890"]

1. e4 e5 2. d4 exd4 3. Nf3 Bb4+ 4. c3 dxc3 5. bxc3 Bc5 6. Bc4 c6 7. O-O Ne7 8.
Bg5 O-O 9. Nbd2 h6 10. Bh4 d5 11. exd5 cxd5 12. Bb3 g5 13. Nxg5 hxg5 14. Bxg5
Be6 15. Bf6 Qd7 16. Qh5 1-0

[Event "Challenge"]
[Site "http://www.queenalice.com/game.php?id=1764391"]
[Date "2021.7.15"]
[Round "-"]
[White "jpribeiro"]
[Black "tewald"]
[Result "0-1"]
[WhiteElo "1775"]
[BlackElo "1972"]

1. e4 e6 2. d4 d5 3. e5 c5 4. Bb5+ Nc6 5. c3 Qb6 6. Bxc6+ bxc6 7. Nf3 cxd4 8.
cxd4 Ba6 9. Nc3 Ne7 10. Na4 Qb5 11. Nc5 Nf5 12. Nxa6 Qxa6 13. Qe2 Qxe2+ 14. Kxe2
c5 15. dxc5 Bxc5 16. a3 O-O 17. Rd1 Rfd8 18. Bg5 Be7 19. Bxe7 Nxe7 20. Nd4 Rab8
21. b4 Rb6 22. Rab1 Ng6 23. Nf3 Rc8 24. Rdc1 Rbc6 25. Rxc6 Rxc6 26. g3 h6 27.
Kd2 f5 28. Rc1 Ne7 29. Rxc6 Nxc6 30. Ke3 a6 31. Nd4 Nd8 32. a4 g5 33. b5 axb5
34. axb5 Kf7 35. Nc6 Nxc6 36. bxc6 Ke7 37. Kd4 Kd8 38. Kc5 Kc7 39. Kb5 d4 40.
Kc4 d3 41. Kxd3 Kxc6 42. Kc4 h5 43. f4 g4 44. Kd4 Kb5 45. Kc3 Kc5 46. Kd3 Kd5
47. Ke3 Kc4 48. Ke2 Kd4 49. Kf2 Kd3 50. Kf1 Ke3 51. Kg2 Ke2 52. Kg1 Kf3 53. Kf1
h4 54. gxh4 Kxf4 55. Kg2 Kxe5 56. Kg3 Kf6 57. Kf4 e5+ 58. Ke3 Kg6 0-1

[Event "Challenge"]
[Site "http://www.queenalice.com/game.php?id=1764392"]
[Date "2021.7.15"]
[Round "-"]
[White "tewald"]
[Black "jpribeiro"]
[Result "0-1"]
[WhiteElo "1957"]
[BlackElo "1822"]

1. d4 Nf6 2. Bf4 Nh5 3. Bg5 h6 4. Bh4 g5 5. e3 Nf6 6. Bg3 d5 7. Bd3 Bg4 8. f3
Bd7 9. Nc3 Nc6 10. Nb5 Rc8 11. Ne2 a6 12. Nbc3 Bg7 13. f4 g4 14. Qd2 Nb4 15.
O-O-O Nxd3+ 16. Qxd3 O-O 17. h4 c6 18. Na4 Ne4 19. Nac3 Nxg3 20. Nxg3 b5 21. Nf5
h5 22. Nxg7 Kxg7 23. e4 dxe4 24. Qxe4 f5 25. Qe5+ Rf6 26. d5 b4 27. dxc6 Rxc6
28. Nd5 Re6 29. Qd4 Re4 30. Qd3 Bb5 31. Qg3 Rd6 32. Ne3 e6 33. Rxd6 Qxd6 34. Rd1
Qxf4 35. Qxf4 Rxf4 36. g3 Rf3 37. Ng2 Rxg3 38. Nf4 Re3 39. Nxh5+ Kg6 40. Nf4+
Kf6 41. Rd6 Ke5 42. Ng2 Rg3 43. Rd2 f4 44. b3 f3 45. Ne3 Kf4 46. Nd1 Rh3 47.
Rd4+ Kg3 48. Ne3 Rxh4 49. Rd6 f2 50. Rxe6 f1=Q+ 51. Nxf1+ Bxf1 52. Re4 Kh3 0-1

[Event "Challenge"]
[Site "http://www.queenalice.com/game.php?id=1764518"]
[Date "2021.7.16"]
[Round "-"]
[White "jpribeiro"]
[Black "tewald"]
[Result "0-1"]
[WhiteElo "1823"]
[BlackElo "1946"]

1. e4 e6 2. d4 d5 3. Nd2 c5 4. c3 Nc6 5. Bb5 Qb6 6. Bxc6+ bxc6 7. Ngf3 cxd4 8.
cxd4 Ba6 9. e5 Ne7 10. Nb3 Nf5 11. a3 Be7 12. g4 Nh4 13. Nxh4 Bxh4 14. Nc5 Be7
15. Nxa6 Qxa6 16. Qe2 Qxe2+ 17. Kxe2 O-O 18. b4 Rfb8 19. Bd2 h6 20. h4 a5 21.
bxa5 c5 22. dxc5 Bxc5 23. Rhc1 Bd4 24. Bc3 Bxc3 25. Rxc3 Rxa5 26. f4 g6 27. Rac1
Rb2+ 28. Kf3 Ra2 29. g5 hxg5 30. hxg5 R2xa3 31. Rxa3 Rxa3+ 32. Ke2 Ra4 33. Kf3
Kf8 34. Rc8+ Kg7 35. Rc1 Ra7 36. Rc3 Ra8 37. Ke3 Kf8 38. Kd4 Ra4+ 39. Kd3 Rxf4
40. Rc1 Rf5 0-1

[Event "Challenge"]
[Site "http://www.queenalice.com/game.php?id=1764519"]
[Date "2021.7.16"]
[Round "-"]
[White "tewald"]
[Black "jpribeiro"]
[Result "1-0"]
[WhiteElo "1961"]
[BlackElo "1834"]

1. d4 Nf6 2. Bf4 Nh5 3. Bg5 h6 4. Bh4 g5 5. e3 Nf6 6. Bg3 d5 7. h3 Bf5 8. Bd3
Bxd3 9. Qxd3 Bg7 10. Nc3 O-O 11. O-O-O Re8 12. Nf3 c6 13. Ne5 Nbd7 14. Nxd7 Qxd7
15. h4 g4 16. f4 Nh5 17. Be1 b5 18. e4 Nxf4 19. Qg3 Nh5 20. Qe3 b4 21. Na4 a5
22. Nb6 Qb7 23. Nxa8 Rxa8 24. exd5 cxd5 25. Rf1 e6 26. Bg3 a4 27. Bf4 Nxf4 28.
Qxf4 h5 29. Qg5 1-0

[Event "Challenge"]
[Site "http://www.queenalice.com/game.php?id=1770699"]
[Date "2021.9.25"]
[Round "-"]
[White "cristal_negro"]
[Black "tewald"]
[Result "1/2-1/2"]
[WhiteElo "1790"]
[BlackElo "2002"]

1. e4 e6 2. d4 d5 3. e5 c5 4. Bb5+ Nc6 5. Nf3 Qb6 6. Nc3 a6 7. Ba4 Qc7 8. O-O b5
9. Bxb5 axb5 10. Nxb5 Qd7 11. Nd6+ Bxd6 12. exd6 Qxd6 13. c3 cxd4 14. cxd4 Nf6
15. Bg5 Ne4 16. Bh4 O-O 17. a3 h6 18. Nd2 Qf4 19. Nxe4 Qxe4 20. Bg3 Qxd4 21. Qc2
Bd7 22. Rfd1 Qf6 23. Qd2 Ne5 24. Qe3 Nc4 25. Qe2 Rfb8 26. Bxb8 Rxb8 27. b4 Nb6
28. Qa6 e5 29. Qa7 Rc8 30. Qa6 d4 31. f3 Nd5 32. Qxf6 Nxf6 33. Re1 Re8 34. Ra2
Nd5 35. h3 Re6 36. Rc2 Ne3 37. Rd2 Rg6 38. Rxe3 dxe3 39. Rxd7 Rc6 40. Kf1 Rc2
41. b5 f5 42. a4 Ra2 43. b6 Rxa4 44. b7 Rb4 45. Rd8+ Kf7 46. b8=Q Rxb8 47. Rxb8
f4 48. Rb2 g5 49. Ke2 h5 50. Rb6 h4 51. Rb5 Kf6 52. Kd3 Ke6 53. Rb4 Kd5 54. Re4
Ke6 55. Kc4 Kd6 56. Kb5 Kd5 57. Kb6 Kd6 1/2-1/2